Statistics for Premier League XIs 2007-08

Click here to take the quiz!

General Stats

  • This quiz has been taken 107 times
    (104 since last reset)
  • The average score is 62 of 220

Answer Stats

PositionAnswer% Correct
GKPetr ČechChelsea
84%
STWayne RooneyManchester United
84%
DFJohn TerryChelsea
81%
GKEdwin van der SarManchester United
77%
MFSteven GerrardLiverpool
77%
DFAnton FerdinandWest Ham United
71%
DFAshley ColeChelsea
71%
STCarlton ColeWest Ham United
71%
MFCristiano RonaldoManchester United
71%
STFernando TorresLiverpool
71%
MFFrank LampardChelsea
71%
DFJamie CarragherLiverpool
71%
MFJoe ColeChelsea
71%
DFNemanja VidićManchester United
71%
GKPepe ReinaLiverpool
71%
DFRio FerdinandManchester United
71%
MFRyan GiggsManchester United
71%
MFPaul ScholesManchester United
68%
MFPhil NevilleEverton
68%
DFPatrice EvraManchester United
65%
DFRicardo CarvalhoChelsea
65%
DFGlen JohnsonPortsmouth
61%
MFMichael JohnsonManchester City
61%
STCarlos TévezManchester United
58%
MFCesc FàbregasArsenal
58%
GKTim HowardEverton
58%
GKDavid JamesPortsmouth
55%
DFMicah RichardsManchester City
55%
MFMichael CarrickManchester United
55%
MFMichael EssienChelsea
55%
DFSol CampbellPortsmouth
55%
DFBacary SagnaArsenal
52%
GKBrad FriedelBlackburn Rovers
52%
DFGael ClichyArsenal
52%
MFGareth BarryAston Villa
52%
DFJohn Arne RiiseLiverpool
52%
STKenwyne JonesSunderland
52%
DFKolo TouréArsenal
52%
STMarcus BentWigan Athletic
52%
GKMark SchwarzerMiddlesbrough
52%
MFMichael BrownWigan Athletic
52%
DFSami HyypiäLiverpool
52%
DFWes BrownManchester United
52%
STEmmanuel AdebayorArsenal
48%
GKJoe HartManchester City
48%
STKevin DaviesBolton Wanderers
48%
MFMark NobleWest Ham United
48%
STNicolas AnelkaBolton Wanderers
48%
STRobbie KeaneTottenham Hotspur
48%
MFSimon DaviesFulham
48%
DFWilliam GallasArsenal
48%
STBenni McCarthyBlackburn Rovers
45%
MFDirk KuytLiverpool
45%
MFJames MilnerNewcastle United
45%
GKManuel AlmuniaArsenal
45%
STMichael OwenNewcastle United
45%
MFTomáš RosickýArsenal
45%
STYakubu AiyegbeniEverton
45%
MFAlan SmithNewcastle United
42%
MFAshley YoungAston Villa
42%
MFDavid DunnBlackburn Rovers
42%
STEmile HeskeyWigan Athletic
42%
STGabriel AgbonlahorAston Villa
42%
MFJohn Obi MikelChelsea
42%
GKJussi JääskeläinenBolton Wanderers
42%
DFLuke YoungMiddlesbrough
42%
STSalomon KalouChelsea
42%
DFClaude DavisDerby County
39%
STDimitar BerbatovTottenham Hotspur
39%
MFJavier MascheranoLiverpool
39%
GKMaik TaylorBirmingham City
39%
MFMikel ArtetaEverton
39%
DFPhil JagielkaEverton
39%
GKRob GreenWest Ham United
39%
MFSean DavisPortsmouth
39%
MFSteve DavisFulham
39%
DFSteven TaylorNewcastle United
39%
MFAaron LennonTottenham Hotspur
35%
MFClint DempseyFulham
35%
GKPaul RobinsonTottenham Hotspur
35%
DFRichard DunneManchester City
35%
MFShaun Wright-PhillipsChelsea
35%
MFStewart DowningMiddlesbrough
35%
MFAntonio ValenciaWigan Athletic
32%
MFDanny MurphyFulham
32%
STDaryl MurphySunderland
32%
MFFredrik LjungbergWest Ham United
32%
MFKevin NolanBolton Wanderers
32%
MFLeon OsmanEverton
32%
STRoque Santa CruzBlackburn Rovers
32%
MFStephen IrelandManchester City
32%
DFSylvain DistinPortsmouth
32%
MFJames HarperReading
29%
DFJoleon LescottEverton
29%
MFMartin PetrovManchester City
29%
DFMichael DawsonTottenham Hotspur
29%
GKSteve HarperNewcastle United
29%
MFStiliyan PetrovAston Villa
29%
DFAlexChelsea
26%
MFEmmanuel EbouéArsenal
26%
STJohn CarewAston Villa
26%
STMikael ForssellBirmingham City
26%
MFMorten Gamst PedersenBlackburn Rovers
26%
MFNiko KranjčarPortsmouth
26%
MFRyan BabelLiverpool
26%
GKScott CarsonAston Villa
26%
DFSteve FinnanLiverpool
26%
MFSteven PienaarEverton
26%
DFAaron HughesFulham
23%
MFAleksandr HlebArsenal
23%
DFÁlvaro ArbeloaLiverpool
23%
DFDanny CollinsSunderland
23%
MFDavid BentleyBlackburn Rovers
23%
MFElanoManchester City
23%
MFJermaine JenasTottenham Hotspur
23%
MFMathieu FlaminiArsenal
23%
DFMatthew UpsonWest Ham United
23%
MFTom HuddlestoneTottenham Hotspur
23%
DFTony HibbertEverton
23%
GKChris KirklandWigan Athletic
19%
DFChristopher SambaBlackburn Rovers
19%
DFDarren MooreDerby County
19%
MFEl Hadji DioufBolton Wanderers
19%
DFJoseph YoboEverton
19%
STKenny MillerDerby County
19%
DFOlof MellbergAston Villa
19%
DFPaul KoncheskyFulham
19%
DFRyan NelsenBlackburn Rovers
19%
GKAntti NiemiFulham
16%
MFBrett EmertonBlackburn Rovers
16%
STDarius VassellManchester City
16%
STDiomansy KamaraFulham
16%
STKevin DoyleReading
16%
MFNicky ButtNewcastle United
16%
MFNigel Reo-CokerAston Villa
16%
STObafemi MartinsNewcastle United
16%
MFSebastian LarssonBirmingham City
16%
MFStephen HuntReading
16%
STBenjani MwaruwariPortsmouth
13%
DFCarlos BocanegraFulham
13%
MFCharles N'ZogbiaNewcastle United
13%
DFChris BairdFulham
13%
STDave KitsonReading
13%
MFDietmar HamannManchester City
13%
MFFabrice MuambaBirmingham City
13%
MFIvan CampoBolton Wanderers
13%
MFKevin KilbaneWigan Athletic
13%
MFLee CarsleyEverton
13%
DFLucas NeillWest Ham United
13%
GKMarcus HahnemannReading
13%
DFMartin LaursenAston Villa
13%
MFPapa Bouba DiopPortsmouth
13%
DFRicardo GardnerBolton Wanderers
13%
DFStephen KellyBirmingham City
13%
DFStephen WarnockBlackburn Rovers
13%
GKCraig GordonSunderland
10%
STDavid HealyFulham
10%
DFEmmerson BoyceWigan Athletic
10%
MFGeorge BoatengMiddlesbrough
10%
DFGraeme MurtyReading
10%
DFÍvar IngimarssonReading
10%
DFLiam RidgewellBirmingham City
10%
DFPascal ChimbondaTottenham Hotspur
10%
GKStephen BywaterDerby County
10%
DFTitus BrambleWigan Athletic
10%
DFTyrone MearsDerby County
10%
DFZat KnightAston Villa
10%
DFAndre OoijerBlackburn Rovers
6%
DFAndy O'BrienBolton Wanderers
6%
DFDanny HigginbothamSunderland
6%
DFDavid WheaterMiddlesbrough
6%
DFDean LeacockDerby County
6%
MFGary O'NeilMiddlesbrough
6%
MFGeremiNewcastle United
6%
DFGrétar Rafn SteinssonBolton Wanderers
6%
DFHermann HreiðarssonPortsmouth
6%
DFIbrahima SonkoReading
6%
MFLuis Boa MorteWest Ham United
6%
DFNicky ShoreyReading
6%
DFNyron NosworthySunderland
6%
MFPaul ScharnerWigan Athletic
6%
MFSteed MalbranqueTottenham Hotspur
6%
DFVedran ĆorlukaManchester City
6%
DFYounès KaboulTottenham Hotspur
6%
DFAbdoulaye FayeNewcastle United
3%
STCameron JeromeBirmingham City
3%
MFDanny GuthrieBolton Wanderers
3%
STDean AshtonWest Ham United
3%
MFDenny LandzaatWigan Athletic
3%
MFDickson EtuhuSunderland
3%
MFDidier ZokoraTottenham Hotspur
3%
MFEddie LewisDerby County
3%
DFEmanuel PogatetzMiddlesbrough
3%
MFFabio RochembackMiddlesbrough
3%
DFFranck QueudrueBirmingham City
3%
DFGeorge McCartneyWest Ham United
3%
DFHabib BeyeNewcastle United
3%
MFJohn UtakaPortsmouth
3%
MFJulio ArcaMiddlesbrough
3%
DFLiam RoseniorReading
3%
DFMario MelchiotWigan Athletic
3%
MFMatt OakleyDerby County
3%
MFOlivier KapoBirmingham City
3%
MFRoss WallaceSunderland
3%
MFSulley MuntariPortsmouth
3%
STTuncay ŞanlıMiddlesbrough
3%
DFWilfred BoumaAston Villa
3%
DFAbdoulaye MéïtéBolton Wanderers
0%
MFBrynjar GunnarssonReading
0%
MFCraig FaganDerby County
0%
MFDean WhiteheadSunderland
0%
STGary McSheffreyBirmingham City
0%
MFHayden MullinsWest Ham United
0%
DFJames McEveleyDerby County
0%
DFJavier GarridoManchester City
0%
STJérémie AliadièreMiddlesbrough
0%
MFMehdi NaftiBirmingham City
0%
STMichael ChopraSunderland
0%
DFPaul McShaneSunderland
0%
MFStephen PearsonDerby County
0%

Score Distribution

Percentile by Number Answered

Percent of People with Each Score

Your Score History

You have not taken this quiz since the last reset